TENWEK HOSP HOME | SOC  | ASK A LIBRARIANSTAFF LOGIN  |  DIGITAL REPOSITORYe-BOOK PORTAL  |  OFF-CAMPUS PORTAL  |  DONATE
Normal view MARC view

Entry Personal Name

Number of records used in: 1

001 - CONTROL NUMBER

  • control field: 6766

003 - CONTROL NUMBER IDENTIFIER

  • control field: Ke-BoTe

005 - DATE AND TIME OF LATEST TRANSACTION

  • control field: 20220525130242.0

008 - FIXED-LENGTH DATA ELEMENTS

  • fixed length control field: 220525|| aca||aabn | a|a d

040 ## - CATALOGING SOURCE

  • Original cataloging agency: Ke-BoTe
  • Transcribing agency: Ke-BoTe

100 ## - HEADING--PERSONAL NAME

  • Personal name: Lawson, J. B.
  • Dates associated with a name: 1922-
  • Fuller form of name: Lawson, J. B

670 ## - SOURCE DATA FOUND

  • Source citation: Work cat.: (Ke-BoTe)3226: Lawson, J. B. 1922- Lawson, J. B. , Obstetrics and gynaecology in the tropics and developing countries /, c1967